000 00562na a2200205 4500
001 14194
003 MIRAKIL
005 20181213154832.0
008 161102b tu 000 0
040 _aMilas
_btur
_cTR-AnCHP
082 _a801.3
_bE81b 2003
090 _a801.3 E81b 2003
100 _aEvcim, Şaziye
245 _aBizler dünyanın en iyi yazarlarıyız
_cŞaziye Evcim
260 _aİstanbul
_bŞafak yayıncılık
_c2003
300 _a422 s.
_c21 sm.
650 _aGüzel anlatım
_xFelsefe
650 _aEdebiyat
_xFelsefe
942 _2ddc
_cBKS
999 _c1721
_d1721